000 00708nam a2200193 a 4500
001 000047147
005 20201002053409.0
008 180417s2017 dr abc 000 0 spa d
020 _a9789945124552
040 _aDO-SdBNP
_bspa
_cBNPHU
082 _axxxx
_bR457ci
100 1 _aReyes Báez, Yanett
_974890
245 1 0 _aCiencias de la naturaleza 2 :
_bsecundaria /
_cYanett Reyes Báez.
260 _aSanto Domingo :
_bSusaeta Ediciones,
_c2017.
300 _a262 p. :
_bil., retrs. ;
_c29 cm.
504 _aBibliografía : p. 264
505 0 _aEl mundo de los seres vivos --
_tLos seres vivos se relacionan y reproducen --
_tGenética y evolución --
_tMedioambiente y salud.
590 _aInventariado, 2018/LP
999 _c46635
_d46635